| 000 | 00953nam a2200253 i 4500 | ||
|---|---|---|---|
| 003 | DO-SdBNP | ||
| 005 | 20240118145307.0 | ||
| 006 | a||||fr|||| 00| 0 | ||
| 007 | ta | ||
| 008 | 240118e1945 dr ||||| |||| 00| 0 spa d | ||
| 040 |
_aDO-SdBNP _bspa _cBNPHU _erda |
||
| 082 | 4 |
_222 _bY19c |
|
| 100 |
_4America Oliva Yagüela Ureña _eautora |
||
| 245 | 1 | 0 |
_a"Contribución al Estudio de Amomis Ozúa": _btesis para el doctorado, no. 49 año académico de 1944 - 1945 / _cAmerica Oliva Yangüela Ureña |
| 264 |
_aCiudad Trujillo : _bMontalvo, _c1945 |
||
| 300 |
_a56 páginas ; _c28 cm. |
||
| 336 |
_2rdacontent _atexto _btxt |
||
| 337 |
_2rdamedia _asin mediación _bn |
||
| 338 |
_2rdacarrier _avolumen _bnc |
||
| 500 | _a"La universidad no se hace solidaria de las opiniones emitida por el sustentante". Ord. Núm. 2L/40 de fecha 30 de septiembre, 1940. | ||
| 505 | _aBibliografía: página 56. | ||
| 590 | _aInventariado 2024 / MF | ||
| 942 |
_2ddc _cLBS1 |
||
| 999 |
_c55732 _d55732 |
||